| 000 | 00573nam a2200193 a 4500 | ||
|---|---|---|---|
| 001 | 0007 | ||
| 005 | 20140414131918.0 | ||
| 008 | 040726s19uu xx 00 eng d | ||
| 020 | _a4-915249-59-X | ||
| 050 |
_aER _bM86 1989 |
||
| 100 | _aHirata, Shogo | ||
| 245 |
_aA Mouse's gratitude : _bthe foolish tiger and the foolish leopard outsmarting the cat / _cShogo Hirata. |
||
| 260 |
_aTokyo : _bJoie, _c1989. |
||
| 300 | _a25 p. : ill. ; cm. | ||
| 440 | _aIllustrated Fantasy Book for Children, 5 | ||
| 650 |
_aAnimals _xFiction. |
||
| 650 | _aFables. | ||
| 999 |
_c111619 _d111619 |
||